TV Guide's Greatest Cartoon Characters Slideshow Quiz Stats

 Plays Quiz Updated Jul 12, 2018

Also try: Cartoons
Challenge
Share
Tweet
Score 0/50 Timer 15:00
7 Plays Today
% Correct
Bugs Bunny
99.6%
Homer Simpson
99%
The Grinch
98%
Fred Flintstone and Barney Rubble
97.9%
SpongeBob SquarePants
97.8%
Charlie Brown and Snoopy
97.7%
Bart and Lisa Simpson
97.2%
Mickey Mouse
96.8%
Popeye
96.2%
Scooby-Doo
96.1%
Winnie the Pooh
95.8%
Daffy Duck
95.8%
Superman
95.5%
Batman
95.5%
Wonder Woman
95.1%
Tweety and Sylvester
94.3%
Tom and Jerry
94.3%
Beavis and Butt-head
94.1%
Wile E. Coyote and Road Runner
94%
Donald Duck
93.7%
Alvin
93.7%
Betty Boop
93.7%
Yogi Bear and Boo Boo
92.7%
Porky Pig
89.1%
Rocky and Bullwinkle
89%
% Correct
Pikachu
88.5%
The Powerpuff Girls
87.3%
Woody Woodpecker
87.2%
Mighty Mouse
85.2%
Eric Cartman
83.6%
Ren and Stimpy
83%
Underdog
82.6%
Gumby
82.6%
Fat Albert
81.1%
Arthur
77.8%
George of the Jungle
71.9%
Josie and the Pussycats
71.6%
Mr. Magoo
68.1%
Felix the Cat
67.5%
Angelica Pickles
67.3%
Speed Racer
66.3%
Bill
66%
Daria Morgendorffer
64%
Top Cat
58.7%
Boris Badenov and Natasha Fatale
56%
Bobby Hill
50.7%
Space Ghost
44.6%
Heckle and Jeckle
30.6%
Tom Terrific
6.1%
Gerald McBoing-Boing
5.1%

You're not logged in!

Compare scores with friends on all Sporcle quizzes.
Join for Free
OR
Log In

You Might Also Like...

Show Comments

Extras

Top Quizzes Today


Score Distribution

Your Account Isn't Verified!

In order to create a playlist on Sporcle, you need to verify the email address you used during registration. Go to your Sporcle Settings to finish the process.

Report this User

Report this user for behavior that violates our Community Guidelines.

Details: